000 00704nam a2200241 a 4500
001 BRCA_7778
005 20190320210004.0
008 300913s1921----gw-a######---#000-0#ger-#
041 _ager
044 _agw
050 4 _aND641
_b.M37 1921
100 1 _aMartin, W.
_919259
245 1 0 _aAlt-Hollandische Bilder (Sammeln-Bestimmen-Konservieren)
_cvon W. Martin.
250 _a2
260 _aBerlín
_bR. C. Schmidt
_c1921
300 _a244 p.
_bil.
_c23 cm.
440 0 _aBibliothek fur Kunst-und Antiquitatensammler
_v13
_919260
500 _aEx-libris de: H. H. Behrens
500 _aX20
650 1 4 _aPinturas holandesas
_vConservación y restauración
_919261
902 _aGFM
942 _2lcc
_cB
999 _c7452
_d7452